Fern in Star Valley / (Record no. 1963)

MARC details
000 -LEADER
fixed length control field 01501nam a22002651i 4500
003 - CONTROL NUMBER IDENTIFIER
control field Uk
005 - DATE AND TIME OF LATEST TRANSACTION
control field 20250722095129.0
020 ## - INTERNATIONAL STANDARD BOOK NUMBER
International Standard Book Number 9781407139579 (pbk.) :
Terms of availability £4.99
040 ## - CATALOGING SOURCE
Original cataloging agency StDuBDS
Language of cataloging eng
Transcribing agency StDuBDS
Modifying agency Uk
Description conventions rda
082 04 - DEWEY DECIMAL CLASSIFICATION NUMBER
Classification number 823.92
Edition number 23
100 1# - MAIN ENTRY--PERSONAL NAME
Personal name Collins, Poppy,
Relator term author.
245 10 - TITLE STATEMENT
Title Fern in Star Valley /
Statement of responsibility, etc. Poppy Collins.
260 ## - PUBLICATION, DISTRIBUTION, ETC.
Place of publication, distribution, etc. London :
Name of publisher, distributor, etc. Scholastic,
Date of publication, distribution, etc. 2014
300 ## - PHYSICAL DESCRIPTION
Extent 85 pages :
Other physical details illustrations ;
Dimensions 20 cm
490 0# - SERIES STATEMENT
Series statement Fashion fairy princess
500 ## - GENERAL NOTE
General note Formerly CIP.
Institution to which field applies Uk
505 ## - FORMATTED CONTENTS NOTE
Formatted contents note M
520 ## - SUMMARY, ETC.
Summary, etc. The fashion fairy princesses have been invited to their friend Fern's birthday sleepover! Princess Fern lives in the neighbouring Star Valley so, after sourcing the perfect birthday present in Sparkle City, the fairy princesses set off in suitably fashionable country gear. They arrive at Star Valley to find that Fern has created a magical campsite, complete with flower tepees, an enchanted bonfire and a delicious picnic. But after a dreamy ride on the valley's magical unicorns, they come back to find everything in disarray! Fern's little sisters, Willow and River, were so desperate to join the festivities, that they ruined the party without thinking. Luckily a bit of fairy magic and teamwork saves the sleepover, and the fairy princesses drift off to sleep under a canopy of shooting stars.
521 ## - TARGET AUDIENCE NOTE
Target audience note 790 <br/>
Source Lexile
521 ## - TARGET AUDIENCE NOTE
Target audience note M <br/>
Source Raz-Plus
655 #0 - INDEX TERM--GENRE/FORM
Genre/form data or focus term Children's stories.
700 1# - ADDED ENTRY--PERSONAL NAME
Personal name Potts, Pixie,
Relator term illustrator.
942 ## - ADDED ENTRY ELEMENTS (KOHA)
Source of classification or shelving scheme Dewey Decimal Classification
Koha item type Books
Suppress in OPAC No
999 ## -
-- 1963
-- 1963
Holdings
Withdrawn status Lost status Source of classification or shelving scheme Damaged status Not for loan Collection Home library Current library Shelving location Date acquired Total Checkouts Full call number Barcode Date last seen Price effective from Koha item type Copy number
    Dewey Decimal Classification     Juvenile Fiction Footprints International School Library Network Toul Kork Campus Footprints International School Library Network Toul Kork Campus A TK Campus, 4th Floor, Room B401, Fiction Bookcases (1-6) 10/23/2023   COL 823.92 PZ7 FISTKG4B073 10/23/2023 10/23/2023 Books  
    Dewey Decimal Classification     Fiction Footprints International School Library Network Toul Tom Poung Campus Footprints International School Library Network Toul Tom Poung Campus TTP Secondary Fiction Bookshelves 07/09/2025   COL 823.92 PZ7 2025-1797 07/09/2025 07/09/2025 Books 2